000 00683nam a22002297a 4500
005 20170124110123.0
010 _aB-166340
020 _c200.00
_a8188322482
035 _aB-166340
037 _bCen Lib/Ret
040 _aDPL
_bEN
082 _aS
_bSEL
245 _aSelected stories of Rabindranath Tagore /
_ctranslated by Purnima Mazumdar
246 _b
260 _bOcean Books
_c2004
_aNew Delhi
270 _a4/19, Asaf Ali Road
_bNew Delhi
_e110002
300 _a147p.
_c21cm(Hb)
650 _aShort stories, Bengali -- Translations into English
_931069
650 _aShort stories, Bengali
_931070
700 _aMazumdar, Purnima
_931071
942 _2ddc
_cEN
_hS
_mSEL
999 _c131180
_d131180